[Event "Commonwealth-ch"]
[Site "New Delhi"]
[Date "2007.12.07"]
[Round "7"]
[White "Sandhya, Goli"]
[Black "Santhosh, Kumar G"]
[Result "0-1"]
[WhiteElo "1874"]
[BlackElo "2024"]
[PlyCount "75"]
[EventDate "2007.12.03"]
[EventType "swiss"]
[EventRounds "10"]
[EventCountry "IND"]
[SourceTitle "CBM 121 Extra"]
[Source "ChessBase"]
[SourceDate "2008.01.10"]
[SourceVersion "1"]
[SourceVersionDate "2008.01.10"]
[SourceQuality "1"]

1. e4 d6 2. d4 Nf6 3. Nc3 g6 4. Nf3 Bg7 5. h3 0-0 6. Bd3 c5 7. dxc5 dxc5 8. 0-0 Nc6 9. a3 Nd7 10. Nd5 e6 11. Ne3 Nce5 12. Nxe5 Nxe5 13. Be2 Qe7 14. c3 b6 15. f4 Nc6 16. Bf3 Bb7 17. e5 Rad8 18. Qa4 Qc7 19. Nc4 f6 20. Nd6 Ba8 21. exf6 Rxf6 22. Ne4 Rxf4 23. Bxf4 Qxf4 24. Nf6+ Qxf6 25. Bxc6 Qg5 26. Bxa8 Rxa8 27. Qe4 Qd5 28. Qf3 Rf8 29. Qxd5 exd5 30. Rxf8+ Kxf8 31. Kf1 h5 32. Ke2 Ke7 33. Kd3 Ke6 34. Rf1 Bf6 35. Rf3 Be5 36. g4 c4+ 37. Kc2 hxg4 38. hxg4 0-1